[Event "VIE-chT"]
[Site "Hanoi"]
[Date "2023.04.18"]
[Round "1"]
[White "Luong, Duy Loc"]
[Black "Cao, Minh Tung"]
[Result "1-0"]
[WhiteElo "1767"]
[BlackElo "1931"]
[PlyCount "137"]
[EventDate "2023.04.18"]
[EventType "swiss"]
[EventRounds "9"]
[EventCountry "VIE"]
[SourceTitle "EXT 2024"]
[Source "ChessBase"]
[SourceDate "2023.10.10"]
[SourceVersion "1"]
[SourceVersionDate "2023.10.10"]
[SourceQuality "1"]

1. d4 Nf6 2. c4 g6 3. g3 Bg7 4. Bg2 d6 5. Nc3 c6 6. Nf3 0-0 7. 0-0 Nbd7 8. b3 Qc7 9. Bb2 e5 10. d5 Nb6 11. e4 Ne8 12. Ne1 f5 13. f3 Nf6 14. Qd3 Bd7 15. Rd1 cxd5 16. cxd5 fxe4 17. Nxe4 Nxe4 18. fxe4 Qc5+ 19. Kh1 Bb5 20. Rxf8+ Rxf8 21. Qc3 Qf2 22. Qd2 Nd7 23. Bc3 Qb6 24. Bf3 Bh6 25. Qg2 Nc5 26. Bd2 Nxe4 27. Bxe4 Rf1+ 28. Qxf1 Bxf1 29. Bxh6 Qf2 30. Rc1 Bh3 31. Bg2 Bxg2+ 32. Nxg2 Kf7 33. Rc7+ Ke8 34. Be3 Qxa2 35. Rxb7 a6 36. h4 Qa5 37. Rxh7 Qxd5 38. g4 Qd1+ 39. Kh2 Qxg4 40. Bg5 Qe4 41. Re7+ Kf8 42. Re6 Qd3 43. b4 Qd4 44. Rxg6 Qxb4 45. Rf6+ Kg7 46. Rf3 a5 47. Rg3 Kh7 48. Ne3 a4 49. Bf6 Qf4 50. Bg5 Qf7 51. Ng4 Qa2+ 52. Rg2 Qe6 53. Nf6+ Kh8 54. h5 a3 55. h6 a2 56. Rb2 Qg8 57. Nxg8 a1Q 58. Rb8 Qa2+ 59. Kh3 Qe6+ 60. Kg3 Kh7 61. Nf6+ Kg6 62. h7 e4 63. h8Q Qe5+ 64. Kf2 Qf5+ 65. Ke1 Qa5+ 66. Bd2 Qa1+ 67. Kf2 e3+ 68. Bxe3 Qa2+ 69. Kg3 1-0